Základy verejnej správy

Gespeichert in:
Bibliographische Detailangaben
1. Verfasser: Klimovský, Daniel
Format: Buch
Sprache:Slowakisch
Veröffentlicht: Bratislava Wolters Kluwer 2014
Ausgabe:2. preprac. a dopl. vyd.
Schriftenreihe:Ekonómia 483
Schlagworte:
Tags: Tag hinzufügen
Keine Tags, Fügen Sie das erste Tag hinzu!

MARC

LEADER 00000nam a2200000 4500
001 0185812
005 20240605094913.8
020 |a 978-80-8168-002-1 
041 0 |a slo 
044 |a SK 
245 1 0 |a Základy verejnej správy  |c Daniel Klimovský 
250 |a 2. preprac. a dopl. vyd. 
264 1 |a Bratislava  |b Wolters Kluwer  |c 2014 
300 |a 455 s. 
490 1 |a Ekonómia  |v 483 
830 0 |a Ekonómia  |v 483 
610 2 0 |a správa verejná 
610 2 0 |a správa štátna 
610 2 0 |a samospráva 
610 2 0 |a štát 
610 2 0 |a spoločnosť občianska 
610 2 0 |a politika 
610 2 0 |a administratíva 
610 2 0 |a história 
610 2 0 |a Slovensko 
100 1 |a Klimovský, Daniel